Cyberlaw, e-commerce & m-commerce / (Record no. 35344)
[ view plain ]
| 000 -LEADER | |
|---|---|
| fixed length control field | 00686nam a22002297a 4500 |
| 001 - CONTROL NUMBER | |
| control field | 35344 |
| 003 - CONTROL NUMBER IDENTIFIER | |
| rucl marc code | BD-RjUL |
| 005 - DATE AND TIME OF LATEST TRANSACTION | |
| control field | 20211209052314.0 |
| 008 - FIXED-LENGTH DATA ELEMENTS--GENERAL INFORMATION | |
| fixed length control field | 140522s2003 ii ||||| b||| 001 0 eng d |
| 020 ## - INTERNATIONAL STANDARD BOOK NUMBER | |
| International Standard Book Number | 8176483834 |
| 035 ## - SYSTEM CONTROL NUMBER | |
| System control number | (BD-RjUL)35438 |
| 040 ## - CATALOGING SOURCE | |
| Original cataloging agency | BD-RjUL |
| Language of cataloging | eng |
| Transcribing agency | BD-RjUL |
| 041 ## - LANGUAGE CODE | |
| Language code of text/sound track or separate title | eng |
| 082 04 - DEWEY DECIMAL CLASSIFICATION NUMBER | |
| Classification number | 343.5409944 |
| Author mark and year | AHC 2003 |
| 100 1# - MAIN ENTRY--PERSONAL NAME | |
| Personal name | Ahmad, Tabrez. |
| 9 (RLIN) | 107655 |
| 245 10 - TITLE STATEMENT | |
| Title | Cyberlaw, e-commerce & m-commerce / |
| Statement of responsibility, etc. | Tabrez Ahmad |
| 260 ## - PUBLICATION, DISTRIBUTION, ETC. (IMPRINT) | |
| Place of publication, distribution, etc. | New Delhi : |
| Name of publisher, distributor, etc. | A.P.H. Pub. Corp., |
| Date of publication, distribution, etc. | 2003. |
| 300 ## - PHYSICAL DESCRIPTION | |
| Pagination | x, 425 p. ; |
| Size | 22 cm. |
| 504 ## - BIBLIOGRAPHY, ETC. NOTE | |
| Bibliography, etc | Includes bibliographical references and index. |
| 650 #0 - SUBJECT ADDED ENTRY--TOPICAL TERM | |
| Topical term or geographic name as entry element | Electronic commerce |
| General subdivision | Law and legislation |
| Geographic subdivision | India. |
| 9 (RLIN) | 107656 |
| 942 ## - ADDED ENTRY ELEMENTS (KOHA) | |
| Source of classification or shelving scheme | Dewey Decimal Classification |
| Koha item type | Books |
| Lost status | Source of classification or shelving scheme | Damaged status | Not for loan | Collection code | Permanent Location | Current Location | Shelving location | Date acquired | Source of acquisition | Cost, normal purchase price | Total Checkouts | Full call number | Date last seen | Date checked out | Copy number | Koha item type |
|---|---|---|---|---|---|---|---|---|---|---|---|---|---|---|---|---|
| Dewey Decimal Classification | Non-fiction | Central Library, University of Rajshahi | Central Library, University of Rajshahi | 02/06/2008 | Paragon Enterprise, Dhaka. | 895.00 | 1 | 343.5409944 AHC 2003 | 16/04/2026 | 13/04/2026 | C-2 | Books | ||||
| Dewey Decimal Classification | Not For Loan | Non-fiction | Central Library, University of Rajshahi | Central Library, University of Rajshahi | Reading Room | 02/06/2008 | Paragon Enterprises Dhaka | 895.00 | 343.5409944 AHC 2003 | 11/12/2016 | C-1 | Books |